México pintoresco, artístico y monumental / (Registro nro. 127875)

Detalles MARC
000 -LEADER
campo de control de longitud fija 00483nam a2200157 4500
001 - NÚMERO DE CONTROL
campo de control 127875
003 - IDENTIFICADOR DE NÚMERO DE CONTROL
campo de control ES-MaACL
007 - CAMPO FIJO DE DESCRIPCIÓN FÍSICA--INFORMACIÓN GENERAL
campo de control de longitud fija t|
008 - DATOS DE LONGITUD FIJA--INFORMACIÓN GENERAL
campo de control de longitud fija 070214s1967 mx r ||||1| spa d
100 1# - ENTRADA PRINCIPAL--NOMBRE DE PERSONA
Nombre de persona Rivera Cambas, Manuel.
9 (RLIN) 97638
245 10 - MENCIÓN DEL TÍTULO
Título México pintoresco, artístico y monumental /
Mención de responsabilidad, etc. por Manuel Rivera Cambas.
260 ## - PUBLICACIÓN, DISTRIBUCIÓN, ETC.
Lugar de publicación, distribución, etc. México, D. F. :
Nombre del editor, distribuidor, etc. Ed. Nacional,
Fecha de publicación, distribución, etc. 1967.
300 ## - DESCRIPCIÓN FÍSICA
Extensión XXXV, 515, 18 p., 62 lám. ;
Dimensiones 24 cm.
500 ## - NOTA GENERAL
Nota general Es el t. I.
852 ## - LOCALIZACIÓN
Ubicación ES-MaACL
Número de control de estantería E-9124
Sublocalización o colección R.93511
Existencias
Estatus retirado Estado de pérdida Estado de daño No para préstamo Biblioteca de origen Biblioteca actual Ubicación en estantería Fecha de adquisición Fuente de adquisición Total de préstamos Signatura topográfica completa Código de barras Visto por última vez Precio de reemplazo Tipo de ítem Koha
        Biblioteca del Ateneo de Madrid Biblioteca del Ateneo de Madrid Depósito 2 17/01/2008     E-9124 1133187 23/02/2023 23/02/2023 Libro impreso